Channel Islands (California) Quiz - Statistics

General Stats
  • This quiz has been taken 7 times
  • The average score is 5 of 8
Answer Stats
Area (square kilometers) Island % Correct
2.63 Santa Barbara
80%
194.19 Santa Catalina
80%
249.95 Santa Cruz
80%
215.27 Santa Rosa
80%
147.13 San Clemente
40%
37.74 San Miguel
40%
58.93 San Nicolas
40%
2.95 Anacapa
20%
No matching quizzes found
Score Distribution
Percent of People with Each Score
Percentile by Number Answered
Your Score History
You have not taken this quiz